The economics of organization and coordination an introduction (Registro nro. 180586)

Detalles MARC
000 -ENCABEZADO
Número de control [NR] 00841 a2200229 4500
005 - FECHA Y HORA DE LA ÚLTIMA TRANSACCIÓN
control field 20140903174924.0
008 - DE LONGITUD FIJA DE DATOS DE ELEMENTOS - INFORMACIÓN GENERAL
Elementos de longitud fija [NR] 130912s2011 enkad fr|||| 001 0 eng d
020 ## - NUMERO INTERNACIONAL NORMALIZADO PARA LIBROS [R]
Número Internacional Normalizado del libro [NR] 9781848441897
040 ## - FUENTE DE CATALOGACION [NR]
Agencia de catalogación original [NR] CO-BoUCM
Idioma de catalogación [NR] spa
Quien Cataloga Jose A. Gerena
Quien Clasifica Aldemar Mondragón
041 00 - CODIGO DE IDIOMA [R]
Código de idioma para texto/pista de sonido o título separado [R] Inglés
100 1# - ASIENTO PRINCIPAL--NOMBRE PERSONAL [NR]
Nombre personal [NR] Jost, Peter-J.
ID Autoridad 45026
245 14 - MENCION DE TITULO [NR]
Título [NR] The economics of organization and coordination an introduction
Mención de responsabilidad, etc. [NR] Peter-J. Jost
260 ## - PUBLICACION, DISTRIBUCION, ETC. (PIE DE IMPRENTA) [R]
Fecha de publicación, distribución, etc. [R] 2011
Nombre del editor, distribuidor, etc. [R] Edward Elgar
Lugar de publicación, distribución, etc. [R] Cheltenham, UK
300 ## - DESCRIPCION FISICA [R]
Extensión [R] xvi, 376 páginas
Otros detalles físicos [NR] ilustraciones, cuadros y gráficas
504 ## - NOTA DE BIBLIOGRAFIA, ETC. [R]
Nota de bibliografía, etc. [NR] Incluye referencias bibliográficas e índices
650 #7 - ASIENTO SECUNDARIO DE MATERIA - TERMINO TEMATICO [R]
Término temático o nombre geográfico como elemento de entrada [NR] Economía gerencial
9 (RLIN) 13693
650 #7 - ASIENTO SECUNDARIO DE MATERIA - TERMINO TEMATICO [R]
Término temático o nombre geográfico como elemento de entrada [NR] Microeconomía
9 (RLIN) 45064
650 #7 - ASIENTO SECUNDARIO DE MATERIA - TERMINO TEMATICO [R]
Término temático o nombre geográfico como elemento de entrada [NR] Organización
Subdivisión general [R] Aspectos económicos
9 (RLIN) 45065
690 ## - ASUNTO AGREGADO LOCAL DE ENTRADA - TÉRMINO TEMÁTICO (OCLC, RLIN)
Acceso temático local Microeconomía
942 ## - ELEMENTOS DE ENTRADA AGREGADOS (KOHA)
Tema principal Economía
Tipo de ítem principal el descrito en 300a Libro
Edición 1
Prefijo de la signatura top. (colección) Colección - Referencia
Parte restante de la signatura top. J84e
Sistema de clasificación DEWEY
Clasificación 338.5
Existencias
Total préstamos Signatura topográfica Código de barras Última vez visto Ejemplar Costo de reposición Price effective from Tipo de ítem Perdido Sistema de clasificación Dañado No prestable Tipo de ítem específico Suprimido Ubicación habitual Ubicación actual Localización Fecha de creación Proveedor Forma de adquisición Costo
  R 338.5 J84e 100136108 04/12/2025 Ej.1 129132.00 05/09/2013 Libro   DEWEY     Libro   Claustro Claustro Mezanine 05/09/2013 15 Compra 82000.00